00287nam a2200121Ia 4500008004100000100000900041245004400050260002900094300000800123650001000131942000700141999001700148190216s9999||||xx |||||||||||||| ||und|| aNull 0aHindi-Rajasthan Ka Hindi Sahithyake Den bMac Millian And Com. Ltd a279 aHindi cBK c15969d15969